EG (Record no. 81251)

MARC details
000 -LEADER
fixed length control field 00875cab a22001935a 4500
001 - CONTROL NUMBER
control field L146697
008 - FIXED-LENGTH DATA ELEMENTS--GENERAL INFORMATION
fixed length control field 090217e20090214xxko f s 000 0 eng d
035 ## - SYSTEM CONTROL NUMBER
System control number (Sirsi) u146697
041 0# - LANGUAGE CODE
Language code of text/sound track or separate title eng
100 1# - MAIN ENTRY--PERSONAL NAME
Personal name Maxwell, Estelle
245 00 - TITLE STATEMENT
Title EG
Remainder of title auctions
260 ## - PUBLICATION, DISTRIBUTION, ETC.
Date of publication, distribution, etc. 2009
490 ## - SERIES STATEMENT
Series statement Estates Gazette
Volume/sequential designation (0906) 14 February 2009, 55-67(8)
520 ## - SUMMARY, ETC.
Summary, etc. Regular feature on the UK property auction market includes forecasts for 2009 (further price drops, with good purchases to be made by cash-rich investors) and a regional round-up of the market. Falling receipts and buyer sentiment are found to be near-universal, with many auctioneers opting to focus on fundamentals such as service during this period of recession.
590 ## - LOCAL NOTE (RLIN)
Local note KA
651 #4 - SUBJECT ADDED ENTRY--GEOGRAPHIC NAME
Geographic name United Kingdom
Chronological subdivision
690 ## - LOCAL SUBJECT ADDED ENTRY--TOPICAL TERM (OCLC, RLIN)
Topical term or geographic name as entry element PROPERTY-COMMERCIAL PROPERTY-ACQUISITION AND DISPOSAL OF COMMERCIAL PROPERTY
942 ## - ADDED ENTRY ELEMENTS (KOHA)
Suppress in OPAC 0
Holdings
Withdrawn status Lost status Source of classification or shelving scheme Damaged status Not for loan Home library Current library Shelving location Date acquired Total Checkouts Full call number Barcode Date last seen Copy number Price effective from Koha item type
    Dewey Decimal Classification     London London Journal article 17/02/2009   L146697 146697-1001 06/08/2019 1 06/08/2019 Journal article